| 000 | 00452nam a2200145Ia 4500 | ||
|---|---|---|---|
| 008 | 180730s9999||||xx |||||||||||||| ||und|| | ||
| 020 | _a2881450512 | ||
| 082 |
_a341.65 _bICR/C |
||
| 100 | _aICRC | ||
| 245 | 0 | _aCommentary -II Geneva Convantion : For the Amelioration of the Condition of the wounded and sick armed forces in the Sea | |
| 250 | _a2nd | ||
| 260 |
_aNew Delhi _bInternational Committee of the Red Cross _c2006 |
||
| 300 | _a320 | ||
| 942 | _cBK | ||
| 999 |
_c942 _d942 |
||